000 00337nam a2200133Ia 4500
008 191201s2002 xx 000 0 und d
082 _a677.06(54)
_bMUT
100 _aMURTHY, V S
245 0 _aTextile Industry Beyond 2004
260 _aN.Delhi
_bThe Textile Association
_c2002
300 _a160
650 _aB.Tech(TE)
942 _2ddc
_cBK
999 _c3429
_d3429